Guardiola de Berguedà : Monasterio de Sant Llorenç (siglos VII-XXI) Monasterio de Sant Llorenç (siglos VII-XXI)
Publicado:
Barcelona :
Diputació de Barcelona. Àrea de Territori i Sostenibilitat. Gerència de Serveis d'Equipaments, Infraestructures Urbanes i Patrimoni Arquitectònic. Servei de Patrimoni Arquitectònic Local ,
2013
Descripción Física:
21 p. : il. ; 21 cm
Materias:
Monestir de Sant Llorenç prop Bagà
MARC
| LEADER | 00000nam a2200000Ia 4500 | ||
|---|---|---|---|
| 001 | 23896 | ||
| 008 | 160829s2013 xx 000 0 cat d | ||
| 080 | |a FU-62-67 | ||
| 245 | |a Guardiola de Berguedà : |b Monasterio de Sant Llorenç (siglos VII-XXI) | ||
| 260 | |a Barcelona : |b Diputació de Barcelona. Àrea de Territori i Sostenibilitat. Gerència de Serveis d'Equipaments, Infraestructures Urbanes i Patrimoni Arquitectònic. Servei de Patrimoni Arquitectònic Local, |c 2013 | ||
| 300 | |a 21 p. : |b il. ; |c 21 cm | ||
| 610 | 2 | 0 | |a Monestir de Sant Llorenç prop Bagà |9 55153 |
| 710 | |a Barcelona (Catalunya : Província). |b Servei de Patrimoni Arquitectònic Local |9 19202 | ||
| 710 | 1 | |a Guardiola de Berguedà (Catalunya). |b Ajuntament |9 52727 | |
| 901 | |a Arxiu | ||
| 942 | |n 1 | ||
| 952 | |0 0 |1 0 |4 0 |6 FU6267 |7 1 |9 55631 |a Arxiu |b Arxiu |d 2016-12-01 |l 0 |o FU-62-67 |p 23896 |r 2016-12-01 00:00:00 |w 2016-12-01 |y ARXIU | ||
| 999 | |c 59504 |d 59504 | ||